=LDR 00000nam 2200000 4500 =001 INLIS000000000053467 =005 20181018011449 =035 ##$$a 0010-1018000082 =245 1#$$a Kitab Undang-Undang Hukum Dagang /$c F.M Prasetyo =100 #$$a Prasetyo =250 ##$$a Ed. 1 =300 ##$$a 516 hlm ; $c 8x20 cm =260 ##$$a Bandung :$b FOKUSMEDIA,$c 2015 =082 ##$$a 346.07 =084 ##$$a 346.07 Ind k =020 ##$$a 978-602-7842-94-6 =650 ##$$a Hukum Dagang